000 01336cam a22003974a 4500
001 muse78496
003 MdBmJHUP
005 20210127151439.0
006 m o d
007 cr||||||||nn|n
008 740520s1967 mdu o 00 0 eng d
010 _z 67012422
020 _a9781421435411
020 _z9781421435404
035 _a(OCoLC)1082255950
040 _aMdBmJHUP
_cMdBmJHUP
050 0 4 _aPR3534
_b.S2
082 0 _a828/.609
_219
100 1 _aSachs, Arieh.
245 1 0 _aPassionate Intelligence
_bImagination and Reason in the Work of Samuel Johnson
264 1 _bJohns Hopkins Press
264 3 _bProject MUSE,
300 _a1 online resource (124 p.) :
_bport.
504 _aBibliographical footnotes.
506 0 _aOpen Access
_fUnrestricted online access
_2star
588 _aDescription based on print version record.
600 1 1 _aJohnson, Samuel,
_d1709-1784
_xCriticism and interpretation.
655 7 _aElectronic books.
_2local
710 2 _aProject Muse.
_edistributor
830 0 _aBook collections on Project MUSE.
856 4 0 _zFull text available:
_uhttps://muse.jhu.edu/book/71830/
999 _c25792
_d25792